| 000 | 01041nam a2200253Ia 4500 | ||
|---|---|---|---|
| 999 |
_c5057 _d5057 |
||
| 003 | OSt | ||
| 005 | 20200513090421.0 | ||
| 008 | 191128s2003 ck gr 000 0 spa d | ||
| 020 | _a3348201 | ||
| 040 |
_aCO-JMCR _cCO-JMCR |
||
| 041 | 0 | _aspa | |
| 082 | 0 | 4 |
_a307.1216 / _bM883c _223 |
| 100 | 1 |
_aMutis Caballero, Sergio, _eautor _94216 |
|
| 245 | 1 | 0 |
_aConstruyendo ciudad : _bdesde la academia, la dirigencia gremial y la actividad empresarial / _cSergio Mutis Caballero |
| 250 | _aPrimera edición | ||
| 260 |
_aBogotá : _bValor, _c2003 |
||
| 300 |
_a123 páginas ; _c24 cm |
||
| 505 | _aDocumentos académicos -- Columnas de opinión - selección | ||
| 520 | _aLos logros de Bogotá durante la última decada han sido en buena medida el resultado de un debate público transparente y racional, de una mayor comprensión y participación ciudadana en los asusntos urbanos. | ||
| 650 | 1 | 4 |
_aUrbanismo _zBogotá (Colombia) _94217 |
| 650 | 2 | 4 |
_aDesarrollo urbano _94218 |
| 650 | 2 | 4 |
_a Espacio público Vivienda _94219 |
| 942 |
_2ddc _cBK |
||